000 01091 a2200205 4500
001 54223
005 20260407155812.0
008 260407a1974 arg spa d
003 AR-UNSa-BCEJYS
040 _aAR-UNSa-BCEJYS
_bspa
_cAR-UNSa-BCEJYS
080 _a336.748
_xPrecios del cambio de monedas. Movimientos de los precios de cambio. Fluctuaciones en los precios de cambio (Inflación, Deflación)
245 1 0 _aLa inflación
_pdesastre mundial
264 1 _aMéxico :
_bDiana
_c1974
300 _a247 p.
_c23 cm.
505 _a1. Introducción – 2. Las raíces de la inflación moderna – 3. Las décadas de 1950 y 1960: Revisión general – 4. Una ojeada más cuidadosa al mundo de la inflación persistente: Síntomas y efectos económicos – 5. Una ojeada más cuidadosa al mundo de la inflación persistente: Efectos sociales y políticos – 6. La inflación persistente y el sistema monetario internacional – 7. La solución de la inflación persistente.
041 _aspa
942 _cBK
590 _aniveau_biblio:m niveau_hierar:0
100 1 _aFriedman, Irving S.
999 _c5394
_d5394